[Event "Deutsche Ländermeisterschaft 2023"]
[Site "Hannover GER"]
[Date "2023.10.01"]
[Round "1"]
[White "Farokhi, Keyvan"]
[Black "Chassard, Cedric"]
[Result "1-0"]
[Termination "normal"]
[Board "6.1"]
[WhiteTitle "FM"]
[BlackTitle "FM"]
[WhiteElo "2266"]
[BlackElo "2349"]
[WhiteClock "00:32:33"]
[BlackClock "00:05:51"]
[WhiteTeam "Schleswig-Holstein"]
[BlackTeam "Saarland & Friends"]
[PlyCount "73"]
[WhiteFideId "12998630"]
[BlackFideId "16243536"]
[EventCountry "GER"]
[EventRounds "7"]
[EventType "team-swiss"]
[EventDate "2023.09.30"]

1. Nf3 {[%clk 01:30:51]} {[%emt 00:00:07]} d5 {[%clk 01:30:49]} {[%emt
00:00:12]} 2. c4 {[%clk 01:31:12]} {[%emt 00:00:09]} e6 {[%clk 01:31:11]}
{[%emt 00:00:08]} 3. g3 {[%clk 01:31:36]} {[%emt 00:00:06]} Nf6 {[%clk
01:31:37]} {[%emt 00:00:04]} 4. Bg2 {[%clk 01:31:59]} {[%emt 00:00:07]} Be7
{[%clk 01:32:00]} {[%emt 00:00:07]} 5. O-O {[%clk 01:32:22]} {[%emt 00:00:07]}
O-O {[%clk 01:32:27]} {[%emt 00:00:03]} 6. b3 {[%clk 01:32:41]} {[%emt
00:00:11]} b6 {[%clk 01:32:38]} {[%emt 00:00:20]} 7. cxd5 {[%clk 01:33:01]}
{[%emt 00:00:08]} Nxd5 {[%clk 01:31:15]} {[%emt 00:01:54]} 8. d4 {[%clk
01:33:18]} {[%emt 00:00:12]} Bb7 {[%clk 01:30:50]} {[%emt 00:00:55]} 9. Bb2
{[%clk 01:33:36]} {[%emt 00:00:12]} Nd7 {[%clk 01:25:10]} {[%emt 00:06:12]} 10.
Re1 {[%clk 01:32:58]} {[%emt 00:01:06]} c5 {[%clk 01:23:00]} {[%emt 00:02:42]}
11. e4 {[%clk 01:33:06]} {[%emt 00:00:19]} N5f6 {[%clk 01:18:56]} {[%emt
00:04:36]} 12. Nc3 {[%clk 01:33:24]} {[%emt 00:00:12]} cxd4 {[%clk 01:07:00]}
{[%emt 00:12:28]} 13. Nxd4 {[%clk 01:32:38]} {[%emt 00:01:15]} Bc5 {[%clk
01:04:37]} {[%emt 00:02:53]} 14. Re2 {[%clk 01:29:41]} {[%emt 00:03:26]} Bxd4
{[%clk 00:54:06]} {[%emt 00:11:03]} 15. Qxd4 {[%clk 01:29:54]} {[%emt
00:00:15]} Nc5 {[%clk 00:54:23]} {[%emt 00:00:15]} 16. Qe3 {[%clk 01:13:28]}
{[%emt 00:16:53]} Qd3 {[%clk 00:51:04]} {[%emt 00:03:50]} 17. b4 {[%clk
01:12:27]} {[%emt 00:01:30]} Qxe3 {[%clk 00:51:29]} {[%emt 00:00:08]} 18. Rxe3
{[%clk 01:12:48]} {[%emt 00:00:08]} Ncd7 {[%clk 00:51:15]} {[%emt 00:00:45]}
19. e5 {[%clk 01:07:08]} {[%emt 00:06:09]} Bxg2 {[%clk 00:42:31]} {[%emt
00:09:15]} 20. exf6 {[%clk 01:07:20]} {[%emt 00:00:16]} Bb7 {[%clk 00:38:48]}
{[%emt 00:04:14]} 21. fxg7 {[%clk 01:06:59]} {[%emt 00:00:48]} Rfd8 {[%clk
00:25:40]} {[%emt 00:13:41]} 22. Ne4 {[%clk 00:55:11]} {[%emt 00:12:16]} Bxe4
{[%clk 00:18:51]} {[%emt 00:07:21]} 23. Rxe4 {[%clk 00:54:47]} {[%emt
00:00:54]} e5 {[%clk 00:17:17]} {[%emt 00:02:05]} 24. Rg4 {[%clk 00:37:29]}
{[%emt 00:17:45]} a5 {[%clk 00:15:46]} {[%emt 00:02:03]} 25. bxa5 {[%clk
00:34:09]} {[%emt 00:03:49]} Nf6 {[%clk 00:10:46]} {[%emt 00:05:31]} 26. Rg5
{[%clk 00:31:27]} {[%emt 00:03:11]} Rxa5 {[%clk 00:08:32]} {[%emt 00:02:44]}
27. Rxe5 {[%clk 00:31:19]} {[%emt 00:00:36]} Kxg7 {[%emt 00:03:05]} 28. Rxa5
{[%emt 00:00:58]} bxa5 29. Rc1 {[%clk 00:30:38]} {[%emt 00:00:32]} Rd6 {[%clk
00:04:53]} {[%emt 00:02:18]} 30. Rc5 {[%clk 00:30:56]} {[%emt 00:00:11]} Ra6
{[%clk 00:04:26]} {[%emt 00:00:58]} 31. Rg5+ {[%clk 00:31:15]} {[%emt
00:00:10]} Kh6 {[%clk 00:03:37]} {[%emt 00:01:20]} 32. Bxf6 {[%clk 00:31:35]}
{[%emt 00:00:10]} Rxf6 {[%clk 00:04:06]} {[%emt 00:00:01]} 33. Rxa5 {[%clk
00:31:53]} {[%emt 00:00:12]} Rb6 {[%clk 00:04:34]} {[%emt 00:00:01]} 34. Kg2
{[%clk 00:31:58]} {[%emt 00:00:25]} Rb2 {[%clk 00:04:58]} {[%emt 00:00:07]} 35.
a4 {[%clk 00:32:16]} {[%emt 00:00:11]} Re2 {[%clk 00:05:24]} {[%emt 00:00:05]}
36. g4 {[%clk 00:32:15]} {[%emt 00:00:28]} Ra2 {[%clk 00:05:51]} {[%emt
00:00:05]} 37. Kg3 {[%clk 00:32:33]} {[%emt 00:00:11]} 1-0

[Event "Deutsche Ländermeisterschaft 2023"]
[Site "Hannover GER"]
[Date "2023.10.01"]
[Round "1"]
[White "Windmüller, Simon"]
[Black "Bosselmann, Tom Linus"]
[Result "1/2-1/2"]
[Termination "normal"]
[Board "6.2"]
[WhiteElo "1970"]
[BlackElo "2141"]
[WhiteClock "00:30:22"]
[BlackClock "00:05:36"]
[WhiteTeam "Saarland & Friends"]
[BlackTeam "Schleswig-Holstein"]
[PlyCount "63"]
[WhiteFideId "16274032"]
[BlackFideId "12983845"]
[EventCountry "GER"]
[EventRounds "7"]
[EventType "team-swiss"]
[EventDate "2023.09.30"]

1. Nf3 {[%clk 01:30:55]} {[%emt 00:00:04]} Nf6 {[%clk 01:30:53]} {[%emt
00:00:07]} 2. d4 {[%clk 01:31:16]} {[%emt 00:00:09]} g6 {[%clk 01:31:18]}
{[%emt 00:00:05]} 3. Bg5 {[%clk 01:31:21]} {[%emt 00:00:25]} Bg7 {[%clk
01:29:02]} {[%emt 00:02:46]} 4. Nbd2 {[%clk 01:31:34]} {[%emt 00:00:17]} d5
{[%clk 01:29:07]} {[%emt 00:00:27]} 5. e3 {[%clk 01:31:53]} {[%emt 00:00:10]}
b6 {[%clk 01:24:22]} {[%emt 00:05:16]} 6. Be2 {[%clk 01:31:33]} {[%emt
00:00:49]} Bb7 {[%clk 01:24:23]} {[%emt 00:00:29]} 7. c3 {[%clk 01:31:23]}
{[%emt 00:00:39]} Nbd7 {[%clk 01:24:05]} {[%emt 00:00:48]} 8. h3 {[%clk
01:30:22]} {[%emt 00:01:32]} O-O {[%clk 01:11:28]} {[%emt 00:13:07]} 9. O-O
{[%clk 01:29:30]} {[%emt 00:01:21]} Ne4 {[%clk 01:10:59]} {[%emt 00:01:00]} 10.
Nxe4 {[%clk 01:26:00]} {[%emt 00:04:00]} dxe4 {[%clk 01:10:45]} {[%emt
00:00:45]} 11. Nd2 {[%clk 01:26:06]} {[%emt 00:00:23]} f6 {[%clk 00:59:51]}
{[%emt 00:11:24]} 12. Bh4 {[%clk 01:23:53]} {[%emt 00:02:43]} Kh8 {[%clk
00:50:17]} {[%emt 00:10:04]} 13. f3 {[%clk 01:20:15]} {[%emt 00:04:08]} exf3
{[%clk 00:45:52]} {[%emt 00:04:56]} 14. Bxf3 {[%clk 01:20:32]} {[%emt
00:00:13]} Bxf3 {[%clk 00:45:29]} {[%emt 00:00:54]} 15. Nxf3 {[%clk 01:20:43]}
{[%emt 00:00:18]} Qe8 {[%clk 00:36:23]} {[%emt 00:09:36]} 16. Bg3 {[%clk
01:11:05]} {[%emt 00:10:08]} e5 {[%clk 00:23:26]} {[%emt 00:13:27]} 17. dxe5
{[%clk 01:10:51]} {[%emt 00:00:43]} fxe5 {[%clk 00:15:14]} {[%emt 00:08:43]}
18. Qd5 {[%clk 01:02:25]} {[%emt 00:08:56]} Qe7 {[%clk 00:15:04]} {[%emt
00:00:40]} 19. Bh4 {[%clk 00:58:04]} {[%emt 00:04:50]} Nf6 {[%clk 00:14:11]}
{[%emt 00:01:24]} 20. Qxe5 {[%clk 00:56:00]} {[%emt 00:02:34]} Qxe5 {[%clk
00:14:24]} {[%emt 00:00:17]} 21. Nxe5 {[%clk 00:56:20]} {[%emt 00:00:09]} Rae8
{[%clk 00:14:47]} {[%emt 00:00:07]} 22. Bxf6 {[%clk 00:55:41]} {[%emt
00:01:09]} Rxf6 {[%clk 00:13:57]} {[%emt 00:01:21]} 23. Rxf6 {[%clk 00:47:54]}
{[%emt 00:08:17]} Bxf6 {[%clk 00:14:25]} {[%emt 00:00:02]} 24. Nc6 {[%clk
00:47:17]} {[%emt 00:01:07]} Rxe3 {[%emt 00:04:44]} 25. Nxa7 {[%clk 00:44:26]}
{[%emt 00:03:17]} Re2 {[%clk 00:10:17]} {[%emt 00:00:27]} 26. Rb1 {[%clk
00:44:36]} {[%emt 00:00:20]} h5 {[%clk 00:10:11]} {[%emt 00:00:36]} 27. Nb5
{[%clk 00:40:17]} {[%emt 00:04:49]} Be5 {[%clk 00:10:14]} {[%emt 00:00:28]} 28.
Na3 {[%clk 00:35:55]} {[%emt 00:04:52]} Bg3 {[%clk 00:09:49]} {[%emt 00:00:54]}
29. Nc4 {[%clk 00:35:21]} {[%emt 00:01:04]} b5 {[%clk 00:09:08]} {[%emt
00:01:12]} 30. Na5 {[%clk 00:35:07]} {[%emt 00:00:43]} Bf2+ {[%clk 00:05:23]}
{[%emt 00:04:15]} 31. Kh1 {[%clk 00:32:05]} {[%emt 00:03:32]} c5 {[%clk
00:05:36]} {[%emt 00:00:17]} 32. Nc6 {[%clk 00:30:22]} {[%emt 00:02:12]}
1/2-1/2

[Event "Deutsche Ländermeisterschaft 2023"]
[Site "Hannover GER"]
[Date "2023.10.01"]
[Round "1"]
[White "Guo, Philipp Ziming"]
[Black "Kalina, Lena"]
[Result "1-0"]
[Termination "normal"]
[Board "6.3"]
[WhiteElo "1985"]
[BlackElo "1718"]
[WhiteClock "00:15:54"]
[BlackClock "00:12:43"]
[WhiteTeam "Schleswig-Holstein"]
[BlackTeam "Saarland & Friends"]
[PlyCount "107"]
[WhiteFideId "16245199"]
[BlackFideId "12988014"]
[EventCountry "GER"]
[EventRounds "7"]
[EventType "team-swiss"]
[EventDate "2023.09.30"]

1. e4 {[%clk 01:30:57]} {[%emt 00:00:02]} c5 {[%clk 01:30:54]} {[%emt
00:00:07]} 2. Nf3 {[%clk 01:31:21]} {[%emt 00:00:06]} Nc6 {[%clk 01:31:18]}
{[%emt 00:00:06]} 3. d4 {[%clk 01:31:38]} {[%emt 00:00:13]} cxd4 {[%clk
01:31:41]} {[%emt 00:00:08]} 4. Nxd4 {[%clk 01:31:59]} {[%emt 00:00:06]} g6
{[%clk 01:31:35]} {[%emt 00:00:37]} 5. c4 {[%clk 01:32:10]} {[%emt 00:00:20]}
Nf6 {[%clk 01:30:08]} {[%emt 00:01:57]} 6. Nc3 {[%clk 01:32:07]} {[%emt
00:00:31]} d6 {[%clk 01:28:58]} {[%emt 00:01:41]} 7. Be2 {[%clk 01:30:39]}
{[%emt 00:01:56]} Nxd4 {[%clk 01:24:42]} {[%emt 00:04:48]} 8. Qxd4 {[%clk
01:30:59]} {[%emt 00:00:09]} Bg7 {[%clk 01:25:04]} {[%emt 00:00:08]} 9. Be3
{[%clk 01:30:32]} {[%emt 00:00:56]} O-O {[%clk 01:25:00]} {[%emt 00:00:36]} 10.
Qd2 {[%clk 01:30:30]} {[%emt 00:00:31]} a5 {[%clk 01:16:49]} {[%emt 00:08:42]}
11. O-O {[%clk 01:30:27]} {[%emt 00:00:32]} a4 {[%clk 01:12:42]} {[%emt
00:04:37]} 12. Bd4 {[%clk 01:29:14]} {[%emt 00:01:43]} Qa5 {[%clk 01:08:17]}
{[%emt 00:04:55]} 13. Rad1 {[%clk 01:27:55]} {[%emt 00:01:48]} Be6 {[%clk
01:03:02]} {[%emt 00:05:47]} 14. f4 {[%clk 01:26:58]} {[%emt 00:01:26]} Rfc8
{[%clk 00:53:10]} {[%emt 00:10:23]} 15. b3 {[%clk 01:24:39]} {[%emt 00:02:48]}
axb3 {[%clk 00:45:52]} {[%emt 00:07:49]} 16. axb3 {[%clk 01:24:59]} {[%emt
00:00:08]} Qb4 {[%clk 00:39:59]} {[%emt 00:06:25]} 17. f5 {[%clk 01:16:22]}
{[%emt 00:09:07]} Bd7 {[%clk 00:33:13]} {[%emt 00:07:17]} 18. Bxf6 {[%clk
01:12:02]} {[%emt 00:04:50]} Bxf6 {[%clk 00:27:15]} {[%emt 00:06:27]} 19. Nd5
{[%clk 01:12:07]} {[%emt 00:00:23]} Qxd2 {[%clk 00:21:53]} {[%emt 00:05:54]}
20. Nxf6+ {[%clk 01:12:29]} {[%emt 00:00:08]} exf6 {[%clk 00:20:40]} {[%emt
00:01:44]} 21. Rxd2 {[%clk 01:12:50]} {[%emt 00:00:07]} Bc6 {[%clk 00:17:55]}
{[%emt 00:03:16]} 22. fxg6 {[%clk 00:58:59]} {[%emt 00:14:21]} hxg6 {[%clk
00:14:06]} {[%emt 00:04:19]} 23. Rxf6 {[%clk 00:55:31]} {[%emt 00:03:59]} Bxe4
{[%clk 00:11:59]} {[%emt 00:02:37]} 24. Rfxd6 {[%clk 00:54:35]} {[%emt
00:01:24]} Ra3 {[%clk 00:04:52]} {[%emt 00:07:38]} 25. Bd3 {[%clk 00:36:29]}
{[%emt 00:18:37]} Bxd3 {[%clk 00:03:27]} {[%emt 00:01:56]} 26. R2xd3 {[%clk
00:36:04]} {[%emt 00:00:55]} Rc7 {[%clk 00:03:43]} {[%emt 00:00:15]} 27. Rb6
{[%clk 00:32:30]} {[%emt 00:04:04]} Kg7 {[%clk 00:01:36]} {[%emt 00:02:37]} 28.
Rd2 {[%clk 00:32:33]} {[%emt 00:00:26]} Ra1+ {[%clk 00:00:58]} {[%emt
00:01:08]} 29. Kf2 {[%clk 00:32:57]} {[%emt 00:00:06]} Rb1 {[%clk 00:01:25]}
{[%emt 00:00:03]} 30. Rb5 {[%clk 00:32:05]} {[%emt 00:01:21]} Rc1 {[%clk
00:01:01]} {[%emt 00:00:55]} 31. Ra2 {[%clk 00:28:41]} {[%emt 00:03:54]} Rd7
{[%clk 00:00:43]} {[%emt 00:00:48]} 32. h3 {[%clk 00:28:42]} {[%emt 00:00:30]}
Rc3 {[%clk 00:00:36]} {[%emt 00:00:38]} 33. Rb2 {[%clk 00:14:41]} {[%emt
00:14:31]} Rc7 {[%clk 00:00:40]} {[%emt 00:00:25]} 34. Kg1 {[%clk 00:14:49]}
{[%emt 00:00:22]} Re7 {[%clk 00:00:35]} {[%emt 00:00:35]} 35. Kh2 {[%clk
00:14:58]} {[%emt 00:00:21]} Rc7 {[%clk 00:00:35]} {[%emt 00:00:31]} 36. Ra2
{[%clk 00:14:31]} {[%emt 00:00:57]} Re7 {[%clk 00:00:36]} {[%emt 00:00:29]} 37.
Ra7 {[%clk 00:13:55]} {[%emt 00:01:05]} Re2 {[%clk 00:00:37]} {[%emt 00:00:30]}
38. Raxb7 {[%clk 00:11:48]} {[%emt 00:02:37]} Rcc2 {[%clk 00:00:46]} {[%emt
00:00:21]} 39. Rg5 {[%clk 00:12:11]} {[%emt 00:00:06]} Kh6 {[%clk 00:00:40]}
{[%emt 00:00:37]} 40. Rg3 {[%clk 00:10:50]} {[%emt 00:01:50]} Kg7 {[%clk
00:30:30]} {[%emt 00:00:41]} 41. Rc7 {[%clk 00:35:38]} {[%emt 00:05:41]} Rb2
{[%clk 00:28:20]} {[%emt 00:02:40]} 42. h4 {[%clk 00:34:18]} {[%emt 00:01:49]}
Rf2 {[%clk 00:26:37]} {[%emt 00:02:14]} 43. h5 {[%clk 00:33:14]} {[%emt
00:01:34]} g5 {[%clk 00:25:10]} {[%emt 00:01:57]} 44. Rxg5+ {[%clk 00:31:52]}
{[%emt 00:01:52]} Kh6 {[%clk 00:25:03]} {[%emt 00:00:37]} 45. Rg3 {[%clk
00:31:12]} {[%emt 00:01:09]} Rb1 {[%clk 00:21:04]} {[%emt 00:04:29]} 46. Rb7
{[%clk 00:22:03]} {[%emt 00:09:39]} Rff1 {[%clk 00:18:03]} {[%emt 00:03:32]}
47. Rf3 {[%clk 00:21:28]} {[%emt 00:01:04]} Rh1+ {[%clk 00:16:12]} {[%emt
00:02:21]} 48. Kg3 {[%clk 00:21:54]} {[%emt 00:00:04]} Rxh5 {[%clk 00:16:10]}
{[%emt 00:00:33]} 49. Rf6+ {[%clk 00:21:30]} {[%emt 00:00:53]} Kg7 {[%clk
00:15:35]} {[%emt 00:01:05]} 50. Rfxf7+ {[%clk 00:21:25]} {[%emt 00:00:35]} Kg6
{[%clk 00:15:35]} {[%emt 00:00:30]} 51. Rf4 {[%clk 00:20:14]} {[%emt 00:01:40]}
Re5 {[%clk 00:14:57]} {[%emt 00:01:09]} 52. Rb6+ {[%clk 00:18:36]} {[%emt
00:02:08]} Kg5 {[%clk 00:14:04]} {[%emt 00:01:23]} 53. Rf3 {[%clk 00:16:04]}
{[%emt 00:03:01]} Re2 {[%clk 00:12:43]} {[%emt 00:01:52]} 54. Rd3 {[%clk
00:15:54]} {[%emt 00:00:40]} 1-0

[Event "Deutsche Ländermeisterschaft 2023"]
[Site "Hannover GER"]
[Date "2023.10.01"]
[Round "1"]
[White "Unbehend, Marius"]
[Black "Sommer, Justus"]
[Result "0-1"]
[Termination "normal"]
[Board "6.4"]
[WhiteElo "1595"]
[BlackElo "2041"]
[WhiteClock "00:04:24"]
[BlackClock "00:13:53"]
[WhiteTeam "Saarland & Friends"]
[BlackTeam "Schleswig-Holstein"]
[PlyCount "72"]
[WhiteFideId "16214420"]
[BlackFideId "16245008"]
[EventCountry "GER"]
[EventRounds "7"]
[EventType "team-swiss"]
[EventDate "2023.09.30"]

1. e4 {[%clk 01:30:57]} {[%emt 00:00:02]} e5 {[%clk 01:30:49]} {[%emt
00:00:09]} 2. Bc4 {[%clk 01:30:41]} {[%emt 00:00:48]} Nf6 {[%clk 01:29:03]}
{[%emt 00:02:15]} 3. d3 {[%clk 01:30:52]} {[%emt 00:00:20]} Bc5 {[%clk
01:27:27]} {[%emt 00:02:05]} 4. Nf3 {[%clk 01:31:04]} {[%emt 00:00:20]} Nc6
{[%clk 01:26:39]} {[%emt 00:01:17]} 5. c3 {[%clk 01:31:00]} {[%emt 00:00:35]}
a6 {[%clk 01:26:10]} {[%emt 00:00:58]} 6. O-O {[%clk 01:30:15]} {[%emt
00:01:17]} d6 {[%clk 01:24:43]} {[%emt 00:01:55]} 7. h3 {[%clk 01:29:06]}
{[%emt 00:01:40]} Ba7 {[%clk 01:23:14]} {[%emt 00:01:58]} 8. Bb3 {[%clk
01:29:24]} {[%emt 00:00:14]} h6 {[%clk 01:22:05]} {[%emt 00:01:37]} 9. Re1
{[%clk 01:25:19]} {[%emt 00:04:36]} g5 {[%clk 01:16:11]} {[%emt 00:06:24]} 10.
Nh2 {[%clk 00:57:42]} {[%emt 00:28:09]} g4 {[%clk 01:11:39]} {[%emt 00:05:01]}
11. Nxg4 {[%clk 00:41:37]} {[%emt 00:16:36]} Nxg4 {[%clk 01:08:56]} {[%emt
00:03:12]} 12. hxg4 {[%clk 00:42:00]} {[%emt 00:00:08]} Rg8 {[%clk 01:06:58]}
{[%emt 00:02:26]} 13. g5 {[%clk 00:24:05]} {[%emt 00:18:26]} hxg5 {[%clk
01:06:35]} {[%emt 00:00:51]} 14. Qf3 {[%clk 00:11:30]} {[%emt 00:13:08]} Qe7
{[%clk 01:03:51]} {[%emt 00:03:12]} 15. Be3 {[%clk 00:09:34]} {[%emt 00:02:27]}
g4 {[%clk 00:59:47]} {[%emt 00:04:34]} 16. Qg3 {[%clk 00:09:23]} {[%emt
00:00:42]} Bxe3 {[%clk 00:55:05]} {[%emt 00:05:11]} 17. Rxe3 {[%clk 00:08:17]}
{[%emt 00:01:37]} Be6 {[%clk 00:53:38]} {[%emt 00:01:55]} 18. Bxe6 {[%clk
00:08:15]} {[%emt 00:00:33]} Qxe6 {[%clk 00:53:26]} {[%emt 00:00:42]} 19. f4
{[%clk 00:06:38]} {[%emt 00:02:08]} Qh6 {[%clk 00:40:22]} {[%emt 00:13:32]} 20.
f5 {[%clk 00:06:12]} {[%emt 00:00:57]} Rh8 {[%clk 00:39:32]} {[%emt 00:01:19]}
21. Kf2 {[%clk 00:05:20]} {[%emt 00:01:22]} O-O-O {[%clk 00:36:52]} {[%emt
00:03:08]} 22. Na3 {[%clk 00:02:58]} {[%emt 00:02:55]} d5 {[%clk 00:28:40]}
{[%emt 00:08:42]} 23. exd5 {[%clk 00:02:19]} {[%emt 00:01:10]} Rxd5 {[%clk
00:28:32]} {[%emt 00:00:37]} 24. Qxg4 {[%clk 00:02:30]} {[%emt 00:00:19]} Qf6
{[%clk 00:26:03]} {[%emt 00:02:57]} 25. Rf1 {[%clk 00:02:15]} {[%emt 00:00:46]}
Rh4 {[%clk 00:24:34]} {[%emt 00:02:00]} 26. Qg3 {[%clk 00:02:34]} {[%emt
00:00:12]} e4 {[%clk 00:14:51]} {[%emt 00:10:13]} 27. d4 {[%clk 00:01:10]}
{[%emt 00:01:54]} Rxf5+ {[%clk 00:14:55]} {[%emt 00:00:24]} 28. Ke2 {[%clk
00:01:25]} {[%emt 00:00:16]} Rxf1 {[%clk 00:15:01]} {[%emt 00:00:24]} 29. Qxh4
{[%clk 00:01:50]} {[%emt 00:00:05]} Qxh4 {[%clk 00:15:10]} {[%emt 00:00:20]}
30. Kxf1 {[%clk 00:02:16]} {[%emt 00:00:05]} Qf4+ {[%clk 00:13:21]} {[%emt
00:02:17]} 31. Ke2 {[%clk 00:02:39]} {[%emt 00:00:08]} f5 {[%clk 00:13:28]}
{[%emt 00:00:23]} 32. Nc4 {[%clk 00:03:03]} {[%emt 00:00:07]} b5 {[%clk
00:13:40]} {[%emt 00:00:18]} 33. Nd2 {[%clk 00:03:24]} {[%emt 00:00:09]} Ne7
{[%clk 00:13:15]} {[%emt 00:00:54]} 34. Rh3 {[%clk 00:03:40]} {[%emt 00:00:15]}
Nd5 {[%clk 00:13:22]} {[%emt 00:00:23]} 35. Rh8+ {[%clk 00:04:01]} {[%emt
00:00:09]} Kb7 {[%clk 00:13:44]} {[%emt 00:00:07]} 36. Rh1 {[%clk 00:04:24]}
{[%emt 00:00:07]} Qg4+ {[%clk 00:13:53]} {[%emt 00:00:21]} 0-1

[Event "Deutsche Ländermeisterschaft 2023"]
[Site "Hannover GER"]
[Date "2023.10.01"]
[Round "1"]
[White "Falke, Ornella"]
[Black "Mukazhanov, Mansur"]
[Result "1-0"]
[Termination "normal"]
[Board "6.5"]
[WhiteTitle "WCM"]
[WhiteElo "1990"]
[BlackElo "1761"]
[WhiteClock "00:37:02"]
[BlackClock "00:49:05"]
[WhiteTeam "Schleswig-Holstein"]
[BlackTeam "Saarland & Friends"]
[PlyCount "37"]
[WhiteFideId "16207092"]
[BlackFideId "13752324"]
[EventCountry "GER"]
[EventRounds "7"]
[EventType "team-swiss"]
[EventDate "2023.09.30"]

1. e4 {[%clk 01:30:56]} {[%emt 00:00:03]} e6 {[%clk 01:30:48]} {[%emt
00:00:13]} 2. d4 {[%clk 01:31:15]} {[%emt 00:00:10]} d5 {[%clk 01:31:14]}
{[%emt 00:00:04]} 3. Nc3 {[%clk 01:31:14]} {[%emt 00:00:30]} Bb4 {[%clk
01:31:37]} {[%emt 00:00:07]} 4. Nge2 {[%clk 01:31:31]} {[%emt 00:00:14]} Nf6
{[%clk 01:29:29]} {[%emt 00:02:38]} 5. e5 {[%clk 01:31:48]} {[%emt 00:00:13]}
Ne4 {[%clk 01:23:30]} {[%emt 00:06:28]} 6. a3 {[%clk 01:31:43]} {[%emt
00:00:36]} Bxc3+ {[%clk 01:23:41]} {[%emt 00:00:18]} 7. Nxc3 {[%clk 01:22:42]}
{[%emt 00:09:32]} Nxc3 {[%clk 01:23:41]} {[%emt 00:00:29]} 8. bxc3 {[%clk
01:23:08]} {[%emt 00:00:06]} c5 {[%clk 01:23:43]} {[%emt 00:00:27]} 9. Qg4
{[%clk 01:22:48]} {[%emt 00:00:50]} Rg8 {[%clk 01:23:36]} {[%emt 00:00:36]} 10.
h4 {[%clk 01:14:59]} {[%emt 00:08:20]} Nc6 {[%clk 01:22:09]} {[%emt 00:01:55]}
11. Bd3 {[%clk 01:09:15]} {[%emt 00:06:16]} g6 {[%clk 01:17:17]} {[%emt
00:05:22]} 12. h5 {[%clk 01:08:30]} {[%emt 00:01:16]} Qa5 {[%clk 01:13:53]}
{[%emt 00:03:53]} 13. Bd2 {[%clk 01:07:59]} {[%emt 00:01:00]} Qa4 {[%clk
01:14:09]} {[%emt 00:00:14]} 14. hxg6 {[%clk 01:06:43]} {[%emt 00:01:47]} hxg6
{[%clk 01:13:35]} {[%emt 00:01:03]} 15. Rh7 {[%clk 00:48:08]} {[%emt 00:19:06]}
c4 {[%clk 00:59:19]} {[%emt 00:14:46]} 16. Qf3 {[%clk 00:45:50]} {[%emt
00:02:48]} Nd8 {[%clk 00:59:26]} {[%emt 00:00:21]} 17. Bg5 {[%clk 00:39:42]}
{[%emt 00:06:40]} Rf8 {[%clk 00:55:02]} {[%emt 00:04:53]} 18. Bxg6 {[%clk
00:37:46]} {[%emt 00:02:27]} Bd7 {[%clk 00:49:05]} {[%emt 00:06:26]} 19. Qf6
{[%clk 00:37:02]} {[%emt 00:01:15]} 1-0